[Event "Challenge Parte 2"]
[Site "http://www.queenalice.com/game.php?id=1817"]
[Date "2004.11.10"]
[Round "-"]
[White "fernandocosta"]
[Black "davihulse"]
[Result "0-1"]
[WhiteElo "1036"]
[BlackElo "1456"]

1. d4 d5 2. Nc3 e6 3. f4 Nc6 4. e3 Nf6 5. Bd2 Bd6 6. Qe2 O-O 7. O-O-O Na5 8. Qb5
b6 9. Qa4 Ng4 10. Be2 Nb7 11. Bxg4 Bd7 12. Qa6 Qb8 13. Nh3 Na5 14. Nb5 Bc8 15.
Qxc8 Qxc8 16. c3 c6 17. Nxd6 Qd7 18. Nxf7 Rxf7 19. Ng5 Re7 20. b4 Nc4 21. Be1
Nxe3 22. Rd2 Nxg4 23. h3 Ne3 24. Re2 Nc4 25. Bh4 h6 26. Nf3 Rf7 27. Ne5 Nxe5 28.
fxe5 g5 29. Bg3 Qd8 30. a4 Qf8 31. b5 Rf1+ 32. Rxf1 Qxf1+ 33. Kd2 Rf8 34. Re1
Qxg2+ 35. Bf2 Qxf2+ 36. Re2 Qf1 37. Re3 Rf2+ 38. Re2 Qxe2+ 39. Kc1 Qc2# 0-1

[Event "Goleada V"]
[Site "http://www.queenalice.com/game.php?id=1836"]
[Date "2004.11.10"]
[Round "-"]
[White "fernandocosta"]
[Black "neves"]
[Result "0-1"]
[WhiteElo "1036"]
[BlackElo "1315"]

1. Nc3 d5 2. Nxd5 Qxd5 3. d4 e5 4. e3 c5 5. c3 Be6 6. Nf3 Bg4 7. h3 Bxf3 8. gxf3
Bd6 9. e4 Qe6 10. d5 Qe7 11. c4 Qh4 12. Rg1 g5 13. Bxg5 Qh5 14. Qa4+ Kf8 15. Bd8
Qxf3 16. Qc2 Nh6 17. Bg2 Qh5 18. Bf1 Rg8 19. Rh1 b6 20. Be2 Qg6 21. h4 Qg2 22.
Rf1 Qh2 23. Qd3 Rg1 24. a4 Nd7 25. Bg5 Ng4 26. f3 f6 27. Be3 Nxe3 28. Qxe3 Rg2
29. Bd1 Qg3+ 30. Rf2 Kf7 31. Be2 Rg8 32. Kd2 Rxf2 33. Rf1 Rxf1 34. Bxf1 Qxh4 35.
Be2 Bf8 36. Qf2 Qxf2 37. b3 Bh6+ 38. Kd3 Rg2 39. Bf1 Qxf1+ 40. Kc3 Bd2+ 41. Kc2
Ba5# 0-1

[Event "O ataque do web site assassino"]
[Site "http://www.queenalice.com/game.php?id=1982"]
[Date "2004.11.17"]
[Round "-"]
[White "fernandocosta"]
[Black "nicholasmorassutti"]
[Result "1-0"]
[WhiteElo "981"]
[BlackElo "880"]

1. d4 d5 2. e3 Nc6 3. Na3 Bf5 4. f4 h5 5. h4 Qd6 6. Nb5 Qd7 7. Bd2 e6 8. Qe2
Bxc2 9. Na3 Ba4 10. b3 b5 11. bxa4 bxa4 12. Nb5 Nf6 13. Nh3 Nb4 14. Rb1 Nxa2 15.
Ra1 a6 16. Na3 Rb8 17. Rxa2 Rb1+ 18. Nxb1 Rh6 19. Qxa6 Qd6 20. Qxa4+ Nd7 21. Bb4
Qb6 22. Ba5 Qxb1+ 23. Kf2 Qxa2+ 24. Qxa2 Nb6 25. Qc2 Na8 26. Qc6+ Kd8 27. Qxa8+
Ke7 28. Bxc7 Kd7 29. Be5 f6 30. Bb8 Rh8 31. Qa7+ Kc6 32. Ba6 Bb4 33. Rc1+ Bc5
34. Rxc5# 1-0

[Event "DUELO?"]
[Site "http://www.queenalice.com/game.php?id=2000"]
[Date "2004.11.18"]
[Round "-"]
[White "fernandocosta"]
[Black "ronisj"]
[Result "0-1"]
[WhiteElo "989"]
[BlackElo "1349"]

1. d4 d5 2. c3 Bf5 3. Nd2 c6 4. h3 g6 5. g4 Bd7 6. f4 f5 7. gxf5 gxf5 8. Ngf3 e6
9. e3 h6 10. h4 h5 11. Rg1 Nf6 12. Ne5 Rg8 13. Rh1 Ng4 14. Nxg4 fxg4 15. Rg1
Qxh4+ 16. Ke2 Qh2+ 17. Rg2 Qh3 18. Qe1 Be7 19. Rg1 Bh4 20. Qd1 Qh2+ 21. Rg2 Qh1
22. b4 Be7 23. Rg1 Qh4 24. Bg2 b6 25. Rh1 Qg3 26. Qg1 h4 27. Nf1 Qxg2+ 28. Qxg2
h3 29. Qg3 c5 30. dxc5 bxc5 31. bxc5 Bb5+ 32. Kf2 Bxc5 33. Nd2 Bb6 34. Qh4 Nd7
35. Ba3 Bc5 36. Bb2 Nf6 37. Qxf6 Bd7 38. Nb3 Be7 39. Qe5 Rg6 40. Qh5 Kf7 41. c4
Bf6 42. Nd4 Rh8 43. Qxg6+ Kxg6 44. f5+ exf5 45. cxd5 Bh4+ 46. Ke2 Re8 47. Bc1 f4
48. Rg1 g3 49. Nf3 Bf6 50. Rb1 Bd4 51. Nxd4 h2 52. Nf3 hxg1=Q 53. Nxg1 Bg4+ 54.
Kd3 f3 55. Ne2 fxe2 56. Ba3 Bf5+ 57. Kxe2 Bxb1 58. Bd6 g2 59. Kf2 Be4 60. Bh2
Rf8+ 61. Kg1 Bxd5 62. a3 Rf1# 0-1

[Event "Goleada VI"]
[Site "http://www.queenalice.com/game.php?id=2148"]
[Date "2004.11.23"]
[Round "-"]
[White "neves"]
[Black "fernandocosta"]
[Result "1-0"]
[WhiteElo "1317"]
[BlackElo "994"]

1. d4 d5 2. f4 e6 3. Nf3 Bb4+ 4. Bd2 Bxd2+ 5. Qxd2 c6 6. Ne5 f5 7. g3 Nh6 8. e3
Ng4 9. Nxg4 fxg4 10. Be2 b5 11. Bxg4 g6 12. h4 h5 13. Bh3 Nd7 14. Qd3 Rg8 15.
Bxe6 Rg7 16. Bxd7+ Bxd7 17. O-O Bh3 18. Rd1 Bf5 19. Qa3 a6 20. Nd2 Bxc2 21. Rf1
a5 22. Qc5 Rc8 23. Qxc2 a4 24. Nf3 Qd7 25. Ne5 Qe6 26. Qc5 Rb7 27. Rac1 Qh3 28.
Qd6 Qxg3+ 29. Kh1 Qxh4+ 30. Kg1 Qg3+ 31. Kh1 Qxe3 32. Qxg6+ Kd8 33. Qg8+ Kc7 34.
Rxc6+ Kb8 35. Qxc8+ Ka7 36. Rc7 Qe4+ 37. Rf3 Qxf3+ 38. Nxf3 Kb6 39. Rxb7+ Ka5
40. a3 h4 41. Qa8# 1-0

[Event "Challenge"]
[Site "http://www.queenalice.com/game.php?id=2321"]
[Date "2004.11.30"]
[Round "-"]
[White "davihulse"]
[Black "fernandocosta"]
[Result "1-0"]
[WhiteElo "1432"]
[BlackElo "989"]

1. e3 e5 2. d4 e4 3. Bc4 d5 4. Bb3 c6 5. Ne2 f5 6. Nbc3 g6 7. f4 a6 8. a4 Qh4+
9. g3 Qd8 10. a5 Nh6 11. Na4 Qxa5+ 12. Bd2 Qc7 13. Nac3 b5 14. h3 a5 15. O-O a4
16. Qc1 Bb7 17. Ba2 b4 18. Nb1 Ra5 19. c3 b3 20. c4 bxa2 21. Rxa2 Ra8 22. Nbc3
Ba6 23. Rxa4 Bb7 24. Qa1 Ba6 25. b3 Nd7 26. Rxa6 Nb6 27. Rxa8+ Nxa8 28. Qxa8+
Kf7 29. Ra1 Bg7 30. Qa6 Qb8 31. Qxc6 Qxb3 32. Ra7+ Kg8 33. Qc8+ Bf8 34. Qe6+ Nf7
35. Qxf7# 1-0

[Event "Goleada VII"]
[Site "http://www.queenalice.com/game.php?id=2387"]
[Date "2004.12.1"]
[Round "-"]
[White "neves"]
[Black "fernandocosta"]
[Result "1-0"]
[WhiteElo "1284"]
[BlackElo "987"]

1. d4 d5 2. f3 f5 3. e3 e6 4. h4 Qxh4+ 5. Rxh4 g6 6. c4 c6 7. e4 fxe4 8. fxe4
dxe4 9. Rxe4 Nf6 10. Re3 Bh6 11. Rh3 Ng8 12. Bxh6 Nxh6 13. Rxh6 Na6 14. c5 b6
15. Qf3 Kd7 16. Qf7+ Kd8 17. Rxh7 Re8 18. Qxg6 Bd7 19. Bxa6 Kc7 20. cxb6+ Kxb6
21. Qd3 Rad8 22. Na3 e5 23. Rc1 Be6 24. Rb7+ Ka5 25. Rc5+ Ka4 26. Qd1+ Bb3 27.
Qxb3# 1-0

[Event "Challenge"]
[Site "http://www.queenalice.com/game.php?id=2397"]
[Date "2004.12.1"]
[Round "-"]
[White "fabiano"]
[Black "fernandocosta"]
[Result "0-1"]
[WhiteElo "868"]
[BlackElo "990"]

1. d4 d5 2. e4 e6 3. Bb5+ c6 4. Bg5 f6 5. Bxf6 gxf6 6. exd5 cxb5 7. dxe6 Bxe6 8.
Qd2 Bh6 9. Qe2 Qc8 10. Qxb5+ Nd7 11. d5 Bxd5 12. Qxd5 Ne7 13. Qh5+ Ng6 14. Qxh6
Nde5 15. Nc3 Nf7 16. Qg7 Qe6+ 17. Kd1 Qg4+ 18. f3 Qh5 19. Qxh8+ Ngxh8 20. h4 Ng6
21. g3 Nfe5 22. b3 Nxf3 23. Nce2 Rd8+ 24. Kc1 Qd5 25. Nxf3 Qxf3 26. Re1 Qf2 27.
Kb2 Ne5 28. a4 Nd3+ 29. Kc3 Nxe1 30. Rxe1 Qxe1+ 31. Kc4 Qxe2+ 32. Kc5 Qxc2+ 33.
Kb4 Rd5 34. a5 Rd3 35. g4 Qxb3+ 36. Kc5 b6+ 37. axb6 axb6+ 38. Kc6 b5 39. h5 b4
40. h6 Qd5+ 41. Kc7 b3 42. Kc8 Qd7+ 43. Kb8 Rc3 44. Ka8 b2 45. Kb8 b1=Q 46. Ka8
Qa4# 0-1

[Event "Challenge"]
[Site "http://www.queenalice.com/game.php?id=2398"]
[Date "2004.12.1"]
[Round "-"]
[White "fernandocosta"]
[Black "Jorge"]
[Result "0-1"]
[WhiteElo "1003"]
[BlackElo "1310"]

1. d4 d5 2. e3 e6 3. c3 Be7 4. f4 Nh6 5. g3 O-O 6. b4 b5 7. Na3 c6 8. Bh3 Nf5 9.
Nf3 h6 10. g4 Nd6 11. g5 hxg5 12. fxg5 g6 13. Rg1 Ne4 14. Bb2 e5 15. Nxe5 Bd6
16. Nxg6 fxg6 17. Nc2 Bxh3 18. Rg3 Nxg5 19. a4 Rf1+ 20. Ke2 Rxd1 21. Kxd1 Qf8
22. axb5 cxb5 23. Rxg5 Bf5 24. Na3 Bd3 25. Rxd5 Qf3+ 26. Kc1 Qxd5 27. Kd2 Bf5
28. c4 Qg2+ 29. Kc3 bxc4 30. Nxc4 Be7 31. d5 Bf6+ 32. Kb3 Nd7 33. d6 Qc2+ 34.
Ka2 Be6 35. Rc1 Qa4+ 36. Kb1 Bf5+ 37. Rc2 Qxc2+ 38. Ka2 Qxc4+ 39. Ka3 Rb8 40.
Bxf6 Qxb4+ 41. Ka2 Qb1+ 42. Ka3 Qb3# 0-1

[Event "RHCEPHPPEARADODBRHCTLPIHORDEVIII"]
[Site "http://www.queenalice.com/game.php?id=2495"]
[Date "2004.12.3"]
[Round "-"]
[White "fernandocosta"]
[Black "neves"]
[Result "0-1"]
[WhiteElo "997"]
[BlackElo "1264"]

1. d4 d5 2. c3 e6 3. Nd2 f5 4. e3 Nf6 5. f4 Ne4 6. Nxe4 fxe4 7. g3 c5 8. dxc5
Bxc5 9. b4 Bb6 10. a4 Qc7 11. Ra3 a5 12. Ne2 e5 13. fxe5 Qxe5 14. Nf4 Nc6 15.
Nxd5 Bd8 16. h4 Qxg3+ 17. Kd2 Rf8 18. Be2 axb4 19. cxb4 Be6 20. Nb6 Bxb6 21. Kc2
Nxb4+ 22. Kb1 Rd8 23. Bd2 Ba5 24. Bh5+ g6 25. Be2 Nc6 26. Rb3 Bxb3 27. Qc1 Bxd2
28. Qxd2 Rxd2 29. Bb5 Qg2 30. Rc1 Rf1 31. Rxf1 Qxf1+ 32. Bxf1 Rd1+ 33. Kb2 Bxa4
34. Be2 Rd2+ 35. Kc3 Rxe2 36. h5 gxh5 37. Kc4 Rxe3 38. Kd5 Bb3+ 39. Kd6 Kd8 40.
Kc5 h4 41. Kb6 Kc8 42. Kb5 h3 43. Kc5 h2 44. Kb5 h1=Q 45. Kb6 Qa1 46. Kb5 Qa5#
0-1

[Event "DizafÃ­u"]
[Site "http://www.queenalice.com/game.php?id=2613"]
[Date "2004.12.7"]
[Round "-"]
[White "fernandocosta"]
[Black "davihulse"]
[Result "0-1"]
[WhiteElo "997"]
[BlackElo "1416"]

1. d4 d5 2. c3 e6 3. e3 Nf6 4. f4 Be7 5. Na3 Bxa3 6. bxa3 Ne4 7. Ne2 Nd7 8. g3
Ndf6 9. a4 Ng4 10. Bh3 Ngf2 11. Qc2 Nxh1 12. Bg2 Nhf2 13. a5 Qd6 14. Qb3 Qa6 15.
a4 c6 16. Bxe4 Nxe4 17. Ba3 Qxa5 18. Rc1 Qa6 19. Rc2 Qd3 20. Qb1 Qxe3 21. Bc1
Qg1+ 22. Nxg1 O-O 23. Nh3 f6 24. g4 e5 25. Re2 Bxg4 26. Re3 Bf5 27. fxe5 Ng5 28.
Nf4 Bxb1 29. Ne6 Nxe6 30. exf6 Rxf6 31. Ba3 Raf8 32. Bc5 Nxc5 33. dxc5 Rf1+ 34.
Ke2 R8f2# 0-1

[Event "DUELO 2"]
[Site "http://www.queenalice.com/game.php?id=2651"]
[Date "2004.12.9"]
[Round "-"]
[White "fernandocosta"]
[Black "ronisj"]
[Result "0-1"]
[WhiteElo "1003"]
[BlackElo "1406"]

1. d4 d5 2. e3 e6 3. c3 g6 4. f4 f5 5. g3 c6 6. b4 b5 7. a3 a6 8. h4 h5 9. Nf3
Nf6 10. Ng5 Ne4 11. Rh2 Nxg3 12. Bd3 Be7 13. Qf3 Ne4 14. Bb2 Nd6 15. Nd2 Bxg5
16. fxg5 a5 17. bxa5 Rxa5 18. Nb3 Ra7 19. O-O-O Ba6 20. Rg2 b4 21. Nc5 Bxd3 22.
Nxd3 bxa3 23. Ba1 Rb7 24. Nc5 Rb6 25. Nxe6 Qd7 26. Nf4 a2 27. Rxa2 Qb7 28. Bb2
Nc4 29. Ba1 Ra6 30. Qe2 Qb5 31. Nxg6 Rb6 32. Nxh8 Qb1# 0-1

[Event "RHCEPHPPEARADODBRHCTLPIHORDE IX"]
[Site "http://www.queenalice.com/game.php?id=2794"]
[Date "2004.12.14"]
[Round "-"]
[White "neves"]
[Black "fernandocosta"]
[Result "1-0"]
[WhiteElo "1374"]
[BlackElo "1019"]

1. d4 d5 2. f4 f5 3. e3 e6 4. c4 dxc4 5. Bxc4 Bb4+ 6. Bd2 Bxd2+ 7. Nxd2 Ne7 8.
Qa4+ c6 9. e4 fxe4 10. Nxe4 Bd7 11. Nc5 Bc8 12. Bxe6 b6 13. Bxc8 Qxc8 14. Ne4 b5
15. Qc2 Nd7 16. Nd6+ Kd8 17. Nxc8 Kxc8 18. d5 Nxd5 19. Qxc6+ Kd8 20. Qxa8+ Ke7
21. Qxh8 Kd6 22. O-O-O g5 23. Qd4 Ke6 24. Qxd5+ Kf6 25. Qxg5+ Ke6 26. Qg4+ Ke7
27. Qxd7+ Kf8 28. Qxa7 Kg8 29. Rd7 Kf8 30. Rg7 Ke8 31. Qe7# 1-0

[Event "NOVO DUELO?"]
[Site "http://www.queenalice.com/game.php?id=2817"]
[Date "2004.12.15"]
[Round "-"]
[White "fernandocosta"]
[Black "ronisj"]
[Result "0-1"]
[WhiteElo "1017"]
[BlackElo "1345"]

1. f4 e6 2. d4 Qf6 3. g3 d5 4. e3 c6 5. g4 Qh4+ 6. Ke2 Qxg4+ 7. Nf3 Nf6 8. h3
Qh5 9. Ke1 Bb4+ 10. c3 Bd6 11. Rg1 Bf8 12. Na3 Bxa3 13. bxa3 Rg8 14. Rg4 Nxg4
15. Qd2 Nf6 16. a4 Qxf3 17. Be2 Qxh3 18. Bf1 Qg3+ 19. Ke2 Ne4 20. Qd1 Qh2+ 21.
Kd3 Nf2+ 22. Ke2 Nxd1+ 23. Kxd1 Qh1 24. Ke1 h5 25. a3 h4 26. Ra2 h3 27. Rf2 b6
28. Kd2 h2 29. Bg2 Qg1 30. Re2 Ba6 31. Re1 Qxg2+ 32. Kd1 Bf1 33. Bd2 h1=Q 34.
Kc2 Qhh2 35. Kb3 Na6 36. e4 Bc4+ 37. Kc2 Qxd2+ 38. Kb1 Qb2# 0-1

[Event "The Next DizafÃ­u"]
[Site "http://www.queenalice.com/game.php?id=2860"]
[Date "2004.12.15"]
[Round "-"]
[White "fernandocosta"]
[Black "davihulse"]
[Result "0-1"]
[WhiteElo "1014"]
[BlackElo "1475"]

1. Nf3 d5 2. d4 e6 3. e3 Nf6 4. g4 Nxg4 5. Rg1 h5 6. h3 Nf6 7. Ne5 Bd6 8. Nd3
Bh2 9. Rxg7 Ne4 10. Rg2 Bd6 11. c3 b6 12. a4 Ng5 13. Ne5 Nxh3 14. f4 Qh4+ 15.
Kd2 Nf2 16. Qe2 Ne4+ 17. Kd3 Ba6+ 18. c4 Bxc4+ 19. Kc2 Bxe2 20. Bxe2 Bxe5 21.
fxe5 Nc6 22. Bb5 Kd7 23. Ra3 a6 24. Bxc6+ Kxc6 25. Nc3 Qh1 26. Rd2 Nxd2 27. Kxd2
Rag8 28. Na2 Rg2+ 29. Kc3 a5 30. Rb3 Qe1+ 31. Kd3 Qd1+ 32. Bd2 Qxb3+ 33. Nc3
Rhg8 34. Be1 Qc2# 0-1

[Event "Challenge"]
[Site "http://www.queenalice.com/game.php?id=2900"]
[Date "2004.12.17"]
[Round "-"]
[White "fernandocosta"]
[Black "Fabio"]
[Result "0-1"]
[WhiteElo "1012"]
[BlackElo "1421"]

1. d4 c6 2. c3 e6 3. e3 d5 4. f4 b5 5. Nd2 g6 6. g3 Nf6 7. Ngf3 Ng4 8. Qe2 a5 9.
b4 axb4 10. cxb4 Bxb4 11. a3 Bc3 12. Ne5 Bxa1 13. Nb3 Bc3+ 14. Kd1 h5 15. Bd2
Bb2 16. Nd3 Rxa3 17. Nxb2 Rxb3 18. Nd3 Qd6 19. h3 Rb1+ 20. Bc1 Nf6 21. Ke1 Ne4
22. Qc2 Ra1 23. Qb2 Ra4 24. Qc2 g5 25. h4 gxf4 26. exf4 Nxg3 27. Rg1 Rg8 28. Nb2
Rxd4 29. Qc3 Re4+ 30. Be3 Qxf4 31. Nd1 Qxh4 32. Nf2 d4 33. Qd3 dxe3 34. Nxe4
Nxe4+ 35. Ke2 Qf2+ 36. Kd1 Rxg1 37. Qxe4 Rxf1# 0-1

[Event "Mais estrovenga"]
[Site "http://www.queenalice.com/game.php?id=3109"]
[Date "2004.12.27"]
[Round "-"]
[White "nicholasmorassutti"]
[Black "fernandocosta"]
[Result "1-0"]
[WhiteElo "857"]
[BlackElo "1010"]

1. e3 e5 2. Qf3 f6 3. d4 d6 4. Nc3 exd4 5. exd4 Ne7 6. Be3 c5 7. O-O-O Nec6 8.
Qg3 g5 9. Nf3 Nb4 10. a3 N4c6 11. dxc5 dxc5 12. Rxd8+ Nxd8 13. b4 b6 14. Nd2
cxb4 15. axb4 Bxb4 16. Na2 Ba3+ 17. Kd1 h5 18. Qf3 Rh6 19. Qxa8 Ndc6 20. Bb5 f5
21. Bxc6+ Rxc6 22. Qxb8 Kd7 23. Qxa7+ Kd8 24. Bxg5+ Ke8 25. Qxa3 Rg6 26. Qe7#
1-0

[Event "Invitation"]
[Site "http://www.queenalice.com/game.php?id=3310"]
[Date "2005.1.4"]
[Round "-"]
[White "Jorge"]
[Black "fernandocosta"]
[Result "1-0"]
[WhiteElo "1357"]
[BlackElo "984"]

1. e4 e5 2. Nf3 Nf6 3. Bd3 Bd6 4. O-O O-O 5. c4 c5 6. h3 h6 7. b3 b6 8. a4 a5 9.
Nc3 Nc6 10. Ba3 g5 11. Nb5 Be7 12. Bc2 Nd4 13. Nbxd4 cxd4 14. Nxe5 Ra7 15. Bb2
d6 16. Nc6 Qd7 17. Nxd4 Bb7 18. Nf5 Bd8 19. Nxh6+ Kg7 20. Ng4 Qe7 21. Bxf6+ Qxf6
22. Nxf6 Kxf6 23. Qf3+ Kg6 24. e5+ Kg7 25. Qe3 f6 26. e6 Bc6 27. Rae1 Rff7 28.
Qd3 Rf8 29. Re3 Rb7 30. Qxd6 Rc7 31. Rfe1 Kh6 32. Qxf8+ Rg7 33. Qh8+ Rh7 34.
Qxh7# 1-0

[Event "RHCEPHPPEARADODBRHCTLPIHORDE X"]
[Site "http://www.queenalice.com/game.php?id=3371"]
[Date "2005.1.4"]
[Round "-"]
[White "fernandocosta"]
[Black "neves"]
[Result "0-1"]
[WhiteElo "986"]
[BlackElo "1493"]

1. d4 d5 2. Nc3 e6 3. e3 c6 4. Qe2 f5 5. f4 Bb4 6. a3 Bxc3+ 7. bxc3 Qa5 8. Bd2
Qa4 9. Bc1 Nf6 10. Rb1 Na6 11. g3 Ne4 12. Bg2 Nxc3 13. Qh5+ g6 14. Qd1 Nxd1 15.
Kxd1 c5 16. dxc5 Nxc5 17. Nf3 Ne4 18. Nd2 Nf2+ 19. Ke1 Nxh1 20. Bxh1 Qxc2 21.
Ke2 Bd7 22. h4 Ba4 23. Bg2 Rc8 24. Bf1 Qd1+ 25. Kf2 Rxc1 26. Rxc1 Qxc1 27. Ke2
Qd1+ 28. Kd3 O-O 29. Be2 Qc2+ 30. Kd4 Qxd2+ 31. Bd3 Qb2+ 32. Kc5 Qxa3+ 33. Kd4
Rc8 34. Ke5 Qxd3 35. Kxe6 d4 36. exd4 Qxd4 37. Ke7 Qd7+ 38. Kf6 Qd8+ 39. Ke5
Qe7+ 40. Kd5 Rc6 41. h5 Qe4# 0-1

[Event "MAIS UMA??"]
[Site "http://www.queenalice.com/game.php?id=3509"]
[Date "2005.1.6"]
[Round "-"]
[White "fernandocosta"]
[Black "ronisj"]
[Result "0-1"]
[WhiteElo "988"]
[BlackElo "1375"]

1. d4 d5 2. e3 f5 3. f4 c6 4. c3 e6 5. Bd2 g6 6. g3 Nf6 7. Nh3 Ne4 8. Ng5 Nxg5
9. Qg4 fxg4 10. h3 Ne4 11. Bc1 Nxg3 12. Rg1 Nxf1 13. Rxf1 gxh3 14. Rh1 Qh4+ 15.
Kf1 b5 16. b4 Nd7 17. Nd2 Bd6 18. Ba3 Nf6 19. Nf3 Qg3 20. Ng1 Qxe3 21. Bc1 Qxc3
22. Ne2 Qxa1 23. Rxh3 Bxb4 24. Rb3 a5 25. f5 exf5 26. Kf2 Qxa2 27. Re3+ Kf7 28.
Ba3 Bxa3 29. Rxa3 Qxa3 30. Nc1 Qxc1 31. Kf3 Qd1+ 32. Kf4 Nh5+ 33. Kg5 Kg7 34.
Kh4 Qg4# 0-1

[Event "Let's play!!"]
[Site "http://www.queenalice.com/game.php?id=3928"]
[Date "2005.1.17"]
[Round "-"]
[White "fernandocosta"]
[Black "davihulse"]
[Result "0-1"]
[WhiteElo "965"]
[BlackElo "1507"]

1. d4 d5 2. e3 Nc6 3. Nc3 e6 4. f4 Nf6 5. Nf3 Ne4 6. Nxe4 dxe4 7. Ne5 Qd5 8.
Nxc6 Qxc6 9. c3 Be7 10. g3 O-O 11. Be2 Bd7 12. b4 Qxc3+ 13. Bd2 Qa3 14. Bc1
Qxb4+ 15. Bd2 Ba4 16. Qc1 Qd6 17. Rb1 b6 18. Bb5 Bxb5 19. Bb4 c5 20. Ba3 Qd5 21.
Rxb5 Qxa2 22. f5 exf5 23. h4 Qg2 24. Rf1 Qxg3+ 25. Rf2 Bxh4 26. Rb2 Qg1+ 27. Kd2
Qxf2+ 28. Kc3 Qe1+ 29. Qd2 cxd4+ 30. Kxd4 Bf6+ 31. Kc4 Qf1+ 32. Kb3 Qb5+ 33. Qb4
Qd3+ 34. Ka2 Bxb2 35. Kxb2 Qxe3 36. Ka2 Rfd8 37. Bb2 Rac8 38. Qb5 Rc5 39. Qf1
Rd2 40. Qa6 Ra5+ 41. Kb1 Qg1+ 42. Bc1 Rd1 0-1

[Event "As grandes estrovengas egÃ­pci"]
[Site "http://www.queenalice.com/game.php?id=4276"]
[Date "2005.1.27"]
[Round "-"]
[White "fernandocosta"]
[Black "nicholasmorassutti"]
[Result "0-1"]
[WhiteElo "980"]
[BlackElo "1014"]

1. d4 d5 2. Na3 Nc6 3. c3 e6 4. e3 Bxa3 5. bxa3 Nf6 6. a4 O-O 7. Ba3 Re8 8. Rb1
a6 9. Bc5 b6 10. Bb4 a5 11. Ba3 Ne4 12. Rb2 Qf6 13. Nf3 e5 14. dxe5 Nxe5 15.
Nxe5 Rxe5 0-1